000 00698nam a2200253Ia 4500
003 OSt
005 20221005130125.0
006 a|||||r|||| 00| 0
007 ta
008 221004b |||||||| |||| 00| 0 eng d
024 _a26286
037 _cTextual
040 _aCRL
_cCRL
_beng
041 _2eng
_aeng
082 _aE1917:898, J4
110 _aUNITED STATES, COMMERCE(Department of-)
_9637633
245 0 _aRadioactive-waste disposal in the ocean
_b Handbook 58
260 _c1954
300 _a31p.
_ccm.
650 _aCHEMISTRY
700 _aUNITED STATES, COMMERCE(Department of-)
_9637634
942 _hE1917:898, J4
_cTEXL
_2cc
999 _c1056170
_d1056170